Between parent and child: (Record no. 5214)

MARC details
000 -LEADER
fixed length control field 00841cam a2200301 4500
001 - CONTROL NUMBER
control field 3601084
003 - CONTROL NUMBER IDENTIFIER
control field GBCCL
005 - DATE AND TIME OF LATEST TRANSACTION
control field 20241126110535.0
008 - FIXED-LENGTH DATA ELEMENTS--GENERAL INFORMATION
fixed length control field 690815s1969 enk b 001 0 eng
010 ## -
-- 70400940
015 ## -
-- B69-06585
020 ## - INTERNATIONAL STANDARD BOOK NUMBER
International Standard Book Number 028662124X
040 ## - CATALOGING SOURCE
Original cataloging agency DLC
Transcribing agency DLC
Modifying agency DLC
050 00 -
-- HQ769
-- .G55 1969
082 00 - DEWEY DECIMAL CLASSIFICATION NUMBER
Classification number 649.1
Item number GIN
100 1# - MAIN ENTRY--PERSONAL NAME
Personal name Ginott, Haim G.
9 (RLIN) 9380
245 10 - TITLE STATEMENT
Title Between parent and child:
Remainder of title new solutions to old problems
Statement of responsibility, etc. [by] Haim G. Ginott.
250 ## - EDITION STATEMENT
Edition statement [New ed.]
260 ## - PUBLICATION, DISTRIBUTION, ETC.
Place of publication, distribution, etc. London,
Name of publisher, distributor, etc. Staples P.,
Date of publication, distribution, etc. 1969.
300 ## - PHYSICAL DESCRIPTION
Extent 163 p.
Dimensions 23 cm.
350 ## - PRICE (NR) (BK AM CF MU VM SE) [OBSOLETE]
Price 30/-
504 ## - BIBLIOGRAPHY, ETC. NOTE
Bibliography, etc. note Bibliography: p. 157.
650 #0 - SUBJECT ADDED ENTRY--TOPICAL TERM
Topical term or geographic name entry element Child rearing.
9 (RLIN) 1189
650 #0 - SUBJECT ADDED ENTRY--TOPICAL TERM
Topical term or geographic name entry element Parent and child.
9 (RLIN) 4268
650 #0 - SUBJECT ADDED ENTRY--TOPICAL TERM
Topical term or geographic name entry element Domestic education.
9 (RLIN) 7512
906 ## - LOCAL DATA ELEMENT F, LDF (RLIN)
a 7
b cbc
c orignew
d u
e ncip
f 19
g y-gencatlg
942 ## - ADDED ENTRY ELEMENTS (KOHA)
Source of classification or shelving scheme Dewey Decimal Classification
Koha item type Books
Koha issues (borrowed), all copies 2
Holdings
Withdrawn status Lost status Source of classification or shelving scheme Damaged status Not for loan Home library Current Library Shelving location Date acquired Total checkouts Full call number Barcode Date last seen Date last checked out Copy number Price effective from Koha item type
    Dewey Decimal Classification     GRACE BIBLE COLLEGE GRACE BIBLE COLLEGE General Studies 2018-03-05 2 649.1 GIN 004611 2025-05-01 2023-02-01 c.1 2018-03-05 Books
© Grace Bible College Library 2025